000 01059nam a2200253 a 4500
001 BRL_846
005 20190320210924.0
008 181013s1981----sp-a######---#000-0#spa-#
041 _aspa
044 _asp
050 4 _aNK480.M29
_b.M87 1981
110 2 _aMuseo Nacional de Artes Decorativas (España)
_91997
245 1 0 _aMuseo Nacional de Artes Decorativas
_bGuía
_ccredactada por Ma. Dolores Enriquez Arranz ; colaboradoras Ma. Josefa García del Cid, Josefina Tena Artigas.
260 _aMadrid
_bMinisterio de Cultura, Dirección General de Bellas Artes, Archivos y Bibliotecas, Subdirección General de Museos, Patronato Nacional de Museos
_c1981
300 _a144 p.
_bil., 54 láminas
_c20 cm.
440 0 _aMuseos de España: Serie Guías
_925115
500 _aAu966
650 1 4 _aMuseo Nacional de Artes Decorativas (España)
_vGuía
_925116
700 1 _aEnriquez Arranz, Maria Dolores
_925117
700 1 _aGarcía y García del Cid, María Josefa
_ecol.
_925118
700 1 _aTena Artigas, Josefina
_925119
902 _aGRL
942 _2lcc
_cB
999 _c9658
_d9658